| LEADER 00000nam 2200000uu 4500 |
| 008 120514s2554||||th 000 0 tha d |
| 040 ^abcnkk
|
| 041 0 ^atha
|
| 060 0 ^aวจ WY20.5 ร466ก 2554
|
| 100 0 ^aรำไพ หมั่นสระเกษ.
|
| 245 00 ^aรายงานวิจัยเรื่อง การสำรวจความต้องการเข้าร่วมกิจกรรมนักศึกษาของนักศึกษาพยาบาล วิทยาลัยพยาบาลบรมราชชนนี นครราชสีมา./^bรำไพ หมั่นสระเกษ,วัชรี อาภาธีรพงศ์,วราพร ตัณฑะสุวรรณะ.
|
| 260 ^aนครราชสีมา :^bวิทยาลัยพยาบาลบรมราชชนนี นครราชสีมา,^c2554.
|
| 300 ^a 92 หน้า.
|
| 650 0 ^aพยาบาล ^xการเข้าร่วมกิจกรรม.
|
| 650 0 ^aวิจัย.
|
| 700 0 ^aวัชรี อาภาธีรพงศ์.
|
| 700 0 ^aวราพร ตัณฑะสุวรรณะ.
|
| 710 1 ^aวิทยาลัยพยาบาลบรมราชชนนี นครราชสีมา
|
| 999 ^aใช้งานได้ทุกระบบ
|